100 Biggest Cities in Ecuador on a Map - Statistics

General Stats
  • This quiz has been taken 21 times
  • The average score is 26 of 100
Answers on the Map
Answers color-coded by a green-red scale on the quiz's map according to % correct below.
 
Answer Stats
Province Population City % Correct
Guayas 2,650,288 Guayaquil
92%
Pichincha 1,763,275 Quito
92%
Cuenca 361,524 Cuenca
75%
Esmeraldas 155,487 Esmeraldas
58%
Santa Elena 54,565 Santa Elena
58%
Loja 203,496 Loja
50%
Manabí 258,697 Manta
50%
Santa Elena 112,154 La Libertad
42%
Guayas 159,970 Milagro
42%
El Oro 56,842 Santa Rosa
42%
Zamora Chinchipe 17,584 Zamora
42%
Manabí 54,629 Chone
33%
Cotopaxi 77,267 Latacunga
33%
Sucumbíos 55,627 Nueva Loja
33%
Imbabura 41,718 Otavalo
33%
Manabí 244,129 Portoviejo
33%
Chimborazo 177,213 Riobamba
33%
Pichincha 22,529 San Carlos
33%
Esmeraldas 28,491 San Lorenzo
33%
Los Ríos 22,996 Valencia
33%
Tungurahua 177,316 Ambato
25%
El Oro 21,524 Arenillas
25%
Esmeraldas 18,948 Atacames
25%
Imbabura 25,115 Atuntaqui
25%
Cañar 35,763 Azogues
25%
Los Ríos 98,251 Babahoyo
25%
Manabí 22,209 Bahía de Caráquez
25%
Los Ríos 46,779 Buena Fé
25%
Manabí 20,011 Calceta
25%
Pichincha 249,941 Calderón
25%
Loja 27,026 Catamayo
25%
Pichincha 44,559 Cayambe
25%
Pichincha 41,740 Cumbayá
25%
Guayas 46,438 Daule
25%
Guayas 295,211 Durán
25%
Manabí 52,366 El Carmen
25%
El Oro 26,635 El Guabo
25%
Azuay 13,843 Gualaceo
25%
Bolívar 30,755 Guaranda
25%
El Oro 56,021 Huaquillas
25%
Imbabura 157,941 Ibarra
25%
Manabí 28,397 Jaramijó
25%
Manabí 45,382 Jipijapa
25%
Santo Domingo de los Tsáchilas 35,474 La Concordia
25%
Cotopaxi 31,740 La Maná
25%
Morona Santiago 22,398 Macas
25%
Pichincha 24,188 Machachi
25%
El Oro 288,072 Machala
25%
Los Ríos 16,248 Montalvo
25%
Manabí 71,066 Montecristi
25%
Guayas 39,323 Naranjal
25%
Guayas 34,664 Naranjito
25%
El Oro 60,147 Pasaje
25%
Manabí 27,068 Pedernales
25%
El Oro 18,482 Piñas
25%
Guayas 48,156 Playas
25%
Guayas 30,886 Posorja
25%
Cotopaxo 16,152 Pujilí
25%
Pastaza 33,325 Puyo
25%
Los Ríos 177,792 Quevedo
25%
Esmeraldas 31,120 Rosa Zárate
25%
Santa Elena 35,066 Salinas
25%
Guayas 17,068 Samborondon
25%
Carchi 14,497 San Gabriel
25%
Pichincha 96,647 Sangolquí
25%
Santo Domingo de los Tsáchilas 334,524 Santo Domingo de los Colorados
25%
Sucumbíos 16,328 Shushufindi
25%
Napo 29,724 Tena
25%
Carchi 56,719 Tulcán
25%
Los Ríos 41,531 Ventanas
25%
Los Ríos 35,064 Vinces
25%
Guayas 22,972 Yaguachi
25%
Santa Elena 15,033 Anconcito
17%
Guayas 32,774 Balzar
17%
Santa Elena 35,833 José Luis Tamayo
17%
Cañar 39,600 La Troncal
17%
Guayas 24,882 Pedro Carbo
17%
Pichincha 28,724 Pomasqui
17%
Orellana 51,281 Puerto Francisco de Orellana
17%
Azuay 13,378 Ricaurte
17%
Cotopaxi 16,751 Salcedo
17%
Imbabura 13,626 San Antonio de Ibarra
17%
Pichincha 45,380 San Antonio de Pichincha
17%
Pichincha 70,789 Tumbaco
17%
Guayas 41,778 Velasco Ibarra
17%
Guayas 15,066 Virgen de Fátima
17%
Zamora Chinchipe 13,335 Yantzaza
17%
Tungurahua 14,100 Baños de Agua Santa
8%
Pichincha 121,984 Conocoto
8%
Guayas 41,042 El Triunfo
8%
Pichincha 13,336 Guayllabamba
8%
Tungurahua 13,365 Izamba
8%
Guayas 116,593 La Aurora
8%
Orellana 16,023 La Joya de los Sachas
8%
Guayas 55,357 La Puntilla
8%
Pichincha 14,741 Llano Chico
8%
Guayas 16,603 Lomas de Sargentillo
8%
Pichincha 16,066 Chaupitena
0%
Guayas 13,571 El Salitre
0%
Pichincha 15,356 Santo Domingo de Cutuglahua
0%
No matching quizzes found
Score Distribution
Percent of People with Each Score
Percentile by Number Answered
Your Score History
You have not taken this quiz